NBA Players by face HARD #2 - Statistics

General Stats
  • This quiz has been taken 806 times
  • The average score is 6 of 16
Answer Stats
Picture Answer % Correct
George Gervin
82%
Moses Malone
81%
Aleksej Pokusevski
58%
Drew Eubanks
56%
Alex English
52%
John Konchar
46%
Facundo Campazzo
41%
Kevin Martin
41%
James Jones
36%
Lamar Stevens
31%
Ty Lawson
29%
Michael Kidd-Gilchrist
21%
Adrian Dantley
19%
Jonny Flynn
15%
Bonzi Wells
14%
Rex Chapman
11%
No matching quizzes found
Score Distribution
Percent of People with Each Score
Percentile by Number Answered
Your Score History
You have not taken this quiz